000 00683nam a2200181 i 4500
001 115738
003 ES-MaACL
005 20230906190540.0
007 t|
008 070511s1855 sp af |||| | spa d
100 1 _aRuiz de Morales, Joaquín.
_9100763
245 1 0 _aHistoria de la Milicia Nacional
_b: desde su creación hasta nuestros días /
_cbajo la dirección material de Joaquín Ruiz de Morales.
260 _aMadrid :
_bEditores Prats y Ruiz,
_c1855 (
_fImp. de Repullés)
300 _a816, 10, [2] p., [26] h. de lám. :
_bil. ;
_c28 cm.
500 _aLas h. de lám. son litogr.:"Lit. Sánchez"
650 1 4 _aMilicias-
_zEspaña.
_9143671
852 _aES-MaACL
_jG-6388
999 _c115738
_d115738